श्री क्षेत्र गाणगापूरातील (दत्ताई) (Record no. 324048)

MARC details
000 -LEADER
fixed length control field 00662nam a2200169Ia 4500
008 - FIXED-LENGTH DATA ELEMENTS--GENERAL INFORMATION
fixed length control field 090711s9999 xx 000 0 und d
082 ## - DEWEY DECIMAL CLASSIFICATION NUMBER
Item number 553
100 ## - MAIN ENTRY--PERSONAL NAME
Personal name ठाकुर मधुकर
245 ## - TITLE STATEMENT
Title श्री क्षेत्र गाणगापूरातील (दत्ताई)
260 ## - PUBLICATION, DISTRIBUTION, ETC. (IMPRINT)
Date of publication, distribution, etc 1997
300 ## - PHYSICAL DESCRIPTION
Extent 98
600 ## - SUBJECT ADDED ENTRY--PERSONAL NAME
Personal name ठाकुर मधुकर
630 ## - SUBJECT ADDED ENTRY--UNIFORM TITLE
Uniform title श्री क्षेत्र गाणगापूरातील (दत्ताई)
700 ## - ADDED ENTRY--PERSONAL NAME
Personal name ठाकुर मधुकर
730 ## - ADDED ENTRY--UNIFORM TITLE
Uniform title श्री क्षेत्र गाणगापूरातील (दत्ताई)
942 ## - ADDED ENTRY ELEMENTS (KOHA)
Koha item type Book

No items available.